Normal view
MARC view
- Islam - Apologetic works- Polytheism
Entry Topical Term
001 - CONTROL NUMBER
- control field: 3636
003 - CONTROL NUMBER IDENTIFIER
- control field: JO-AjAnu
005 - DATE AND TIME OF LATEST TRANSACTION
- control field: 20230606070910.0
008 - FIXED-LENGTH DATA ELEMENTS
- fixed length control field: 230606|| aca||aabn | a|a d
040 ## - CATALOGING SOURCE
- Original cataloging agency: JO-AjAnu
- Transcribing agency: JO-AjAnu
150 ## - HEADING--TOPICAL TERM
- Topical term or geographic name entry element: Islam - Apologetic works- Polytheism
670 ## - SOURCE DATA FOUND
- Source citation: Work cat.: (JO-AjAnu)1896: Bin Baz: Abdul Aziz Bin Abdullah, author 3635, Establishing Proofs Regarding the Rule on Those who Seek Help in Other than Allah or those who believe in the Soothsayers and Fortunetellers=إقامة البراهين على حكم من استغاث بغير الله أو صدق الكهنة والعرافين